Inovácie tradícií Príloha

Produkty, ktoré ponúka Hypo-Bank Slovakia. Dispozičné výhody vkladných knižiek a úročenie pri vklade od desaťtisíc korún. Medziprodukt mezi bežným účtom a vkladnou knižkou - Hypo-Profit účet, ktorý ponúka banka pri minimálnom vklade desaťtisíc korún.

Salvato in:
Dettagli Bibliografici
Natura: Capitolo di libro
Lingua:slovacco
Soggetti:
Tags: Aggiungi Tag
Nessun Tag, puoi essere il primo ad aggiungerne!!

MARC

LEADER 00000naa a2200000 4500
001 r025342
005 20251104123602.3
041 0 |a slo 
044 |a SK 
245 1 0 |a Inovácie tradícií  |b Príloha 
520 |a Produkty, ktoré ponúka Hypo-Bank Slovakia. Dispozičné výhody vkladných knižiek a úročenie pri vklade od desaťtisíc korún. Medziprodukt mezi bežným účtom a vkladnou knižkou - Hypo-Profit účet, ktorý ponúka banka pri minimálnom vklade desaťtisíc korún. 
610 2 0 |a bankovníctvo 
610 2 0 |a banky 
610 2 0 |a Hypo-Bank Slovakia 
610 2 0 |a služby bankové 
610 2 0 |a knižky vkladné